Bericht zur sozialen Lage der Studierenden an der Ruhr-Universitat Bochum
Αποθηκεύτηκε σε:
| Κύριος συγγραφέας: | |
|---|---|
| Άλλοι συγγραφείς: | , |
| Μορφή: | Βιβλίο |
| Γλώσσα: | German |
| Δημοσίευση: |
Bochum :
Studienverlag Dr.N.Brockmeyer,
1978.
|
| Έκδοση: | 2. aufl. |
| Θέματα: | |
| Ετικέτες: |
Προσθήκη ετικέτας
Δεν υπάρχουν, Καταχωρήστε ετικέτα πρώτοι!
|
MARC
| LEADER | 00000cam a2200000 i 4500 | ||
|---|---|---|---|
| 001 | 1/994 | ||
| 008 | 950706s1978 gw | ||| |||| ||ger|| | ||
| 020 | |a 3883390097 | ||
| 035 | |l 10014278 | ||
| 040 | |a GR-MyUa |b gre |e AACR2 | ||
| 041 | 0 | |a ger | |
| 082 | 7 | |a 373.843 |2 (22) | |
| 100 | 1 | |a Voss, Werner. | |
| 245 | 1 | 0 | |a Bericht zur sozialen Lage der Studierenden an der Ruhr-Universitat Bochum / |c Werner Vob, Rolf Meyer, Immo Rausch. |
| 250 | |a 2. aufl. | ||
| 260 | |a Bochum : |b Studienverlag Dr.N.Brockmeyer, |c 1978. | ||
| 300 | |a xxvii, 123 σ. | ||
| 650 | 0 | 0 | |a Education, Higher |z Germany. |
| 650 | 0 | 0 | |a Students |z Germany |x Social conditions. |
| 700 | 1 | |a Meyer, Rolf. | |
| 700 | 1 | |a Rausch, Immo. | |
| 852 | |a INST |b LESVOS |e 19950706 |h 371.843 VOS |p 005100007904 |q 005100007904 |t BK |y 0 | ||
| 901 | |a BIBL1-2000-2 | ||
| 922 | |a 1ΕΛΗ |b 199801 |c ΠΠ/8761/4 |d GLORY | ||
| 922 | |a 2000/08/ΧΡΥΣΑΝΘΗ | ||